000
00282nam a22001217a 4500
082
_a
510
_b
DAY/S
100
_a
NANDLAL DAYA RAM
245
_a
MATHEMATICS PART - I
_b
CLASS XII
260
_a
DELHI
_b
NAND LAL DAYA RAM
300
_a
504
650
_a
MATHS FOR CLASS XII
_z
INDIA
942
_c
BK
999
_c
655
_d
655